Economics: principles, problems, and policies / (Record no. 301)

MARC details
000 -LEADER
fixed length control field 01010nam a22001937a 4500
008 - FIXED-LENGTH DATA ELEMENTS--GENERAL INFORMATION
fixed length control field 111124t xxu||||| |||| 00| 0 eng d
020 ## - INTERNATIONAL STANDARD BOOK NUMBER
International Standard Book Number 0071123229
050 ## - LIBRARY OF CONGRESS CALL NUMBER
Classification number HB171.5.M47
100 ## - MAIN ENTRY--PERSONAL NAME
Personal name McConnell, Campbell R.
245 ## - TITLE STATEMENT
Title Economics: principles, problems, and policies /
Statement of responsibility, etc. Campbell R. McConnell and Stanley L. Brue
250 ## - EDITION STATEMENT
Edition statement 15th ed.
260 ## - PUBLICATION, DISTRIBUTION, ETC.
Place of publication, distribution, etc. Boston:
Name of publisher, distributor, etc. McGraw-Hill,
Date of publication, distribution, etc. c2002.
300 ## - PHYSICAL DESCRIPTION
Extent xxx, 793 + various pagings.:
Other physical details ill. (some col.)
Dimensions 25cm.
500 ## - GENERAL NOTE
General note Includes index.
505 ## - FORMATTED CONTENTS NOTE
Formatted contents note Contents: An Introduction to economics and the economy -- National income, employment, and fiscal policy -- Money, banking, and monetary policy -- Long-run perspectives and macroeconomic debates -- Microeconomics of product markets -- Microeconomics of resource markets -- Microeconomics of government -- Microeconomic issues and policies -- International economics and the world economy -- Transition economies: Russia and China.
650 ## - SUBJECT ADDED ENTRY--TOPICAL TERM
Topical term or geographic name entry element Economics.
700 ## - ADDED ENTRY--PERSONAL NAME
Personal name Brue, Stanley L.
942 ## - ADDED ENTRY ELEMENTS (KOHA)
Source of classification or shelving scheme Library of Congress Classification
Koha item type Books
Holdings
Withdrawn status Lost status Source of classification or shelving scheme Damaged status Not for loan Home library Current library Shelving location Date acquired Total Checkouts Full call number Barcode Date last seen Copy number Price effective from Koha item type
    Library of Congress Classification     WISCONSIN INTERNATIONAL UNIVERSITY COLLEGE, GHANA - MAIN LIBRARY WISCONSIN INTERNATIONAL UNIVERSITY COLLEGE, GHANA - MAIN LIBRARY General Stacks 24/11/2011   HB171.5.M47 855/11 24/11/2011 1 24/11/2011 Books
    Library of Congress Classification     WISCONSIN INTERNATIONAL UNIVERSITY COLLEGE, GHANA - MAIN LIBRARY WISCONSIN INTERNATIONAL UNIVERSITY COLLEGE, GHANA - MAIN LIBRARY General Stacks 24/11/2011   HB171.5.M47 856/11 24/11/2011 2 24/11/2011 Books
    Library of Congress Classification     WISCONSIN INTERNATIONAL UNIVERSITY COLLEGE, GHANA - MAIN LIBRARY WISCONSIN INTERNATIONAL UNIVERSITY COLLEGE, GHANA - MAIN LIBRARY General Stacks 24/11/2011   HB171.5.M47 857/11 24/11/2011 3 24/11/2011 Books
    Library of Congress Classification     WISCONSIN INTERNATIONAL UNIVERSITY COLLEGE, GHANA - MAIN LIBRARY WISCONSIN INTERNATIONAL UNIVERSITY COLLEGE, GHANA - MAIN LIBRARY General Stacks 24/11/2011   HB171.5.M471 858/11 24/11/2011 4 24/11/2011 Books
    Library of Congress Classification     WISCONSIN INTERNATIONAL UNIVERSITY COLLEGE, GHANA - MAIN LIBRARY WISCONSIN INTERNATIONAL UNIVERSITY COLLEGE, GHANA - MAIN LIBRARY General Stacks 24/11/2011   HB171.5.M472 859/11 24/11/2011 5 24/11/2011 Books

If you have any concerns or questions; kindly contact the library


© Powered by WIUC ICT DIRECTORATE